Risk Attitude Elicitation Methods: Do They Tell Similar Stories?
Porovnanie postojov k riziku prostredníctvom troch rôznych metód zisťovania s cieľom analyzovať ich konzistentnosť. Na určenie miery podobnosti sa používa Spearmanov korelačný koeficient.
Guardado en:
| Autor principal: | |
|---|---|
| Otros Autores: | , , |
| Formato: | Capítulo de libro |
| Lenguaje: | inglés |
| Materias: | |
| Etiquetas: |
Sin Etiquetas, Sea el primero en etiquetar este registro!
|
MARC
| LEADER | 00000naa a2200000 4500 | ||
|---|---|---|---|
| 001 | 0226253 | ||
| 005 | 20260319104656.6 | ||
| 041 | 0 | |a eng | |
| 044 | |a SK | ||
| 245 | 1 | 0 | |a Risk Attitude Elicitation Methods: Do They Tell Similar Stories? |c Martin Alexy, Nikolaos Georgantzis, Marek Káčer, Jana Péliová |
| 520 | |a Porovnanie postojov k riziku prostredníctvom troch rôznych metód zisťovania s cieľom analyzovať ich konzistentnosť. Na určenie miery podobnosti sa používa Spearmanov korelačný koeficient. | ||
| 610 | 2 | 0 | |a štatistika ekonomická |
| 610 | 2 | 0 | |a riziko |
| 610 | 2 | 0 | |a teória hier |
| 610 | 2 | 0 | |a rozhodovanie viackriteriálne |
| 100 | 1 | |a Alexy, Martin, 1976- | |
| 700 | 1 | |a Georgantzis, Nikolaos | |
| 700 | 1 | |a Káčer, Marek, 1976- | |
| 700 | 1 | |a Péliová, Jana, 1976- | |